000 00669nam a2200241Ia 4500
003 OSt
005 20221005090749.0
006 a|||||r|||| 00| 0
007 ta
008 221004b |||||||| |||| 00| 0 eng d
024 _a19071
037 _bGift, 05/06/2015,
_cTextual
040 _aCRL
_cCRL
_beng
041 _2eng
_aeng
082 _aO111,3M971,24, H2
100 _aFaulkner William
245 0 _aGo down, moses
260 _aNew York
_bModern Library USA
_c1942
300 _a383p.
_ccm.
650 _aENGLISH LITERATURE
942 _hO111,3M971,24, H2
_cTEXL
_2cc
999 _c996313
_d996313